000 00273nam a22001217a 4500
008 181031b xxu||||| |||| 00| 0 eng d
041 _aeng
080 _23 th
_a311
100 _a55
101 _aSTA
245 _aFundamentals Statistics
_cSullivan,M
942 _2udc
_cBK
999 _c51350
_d51350